MARC details
| 000 -CABECERA |
| campo de control de longitud fija |
01584nam a2200289 a 4500 |
| 001 - NÚMERO DE CONTROL |
| campo de control |
000000822 |
| 005 - FECHA Y HORA DE LA ÚLTIMA TRANSACCIÓN |
| campo de control |
20240411202003.0 |
| 008 - DATOS DE LONGITUD FIJA--INFORMACIÓN GENERAL |
| campo de control de longitud fija |
090522s2005 dr 000 0 spa d |
| 020 ## - NÚMERO INTERNACIONAL ESTÁNDAR DEL LIBRO |
| Número Internacional Estándar del Libro |
9993493422 |
| 020 ## - NÚMERO INTERNACIONAL ESTÁNDAR DEL LIBRO |
| Número Internacional Estándar del Libro |
9789993493426 |
| 040 ## - FUENTE DE LA CATALOGACIÓN |
| Centro catalogador/agencia de origen |
DO-SdBNP |
| Lengua de catalogación |
spa |
| Centro/agencia transcriptor |
BNPHU |
| 082 ## - NÚMERO DE LA CLASIFICACIÓN DECIMAL DEWEY |
| Número de clasificación |
230 |
| Número de documento/Ítem |
S211t |
| 100 1# - ENTRADA PRINCIPAL--NOMBRE DE PERSONA |
| Nombre de persona |
Sánchez, Ángel Salvador, |
| Fechas asociadas al nombre |
1948- |
| 9 (RLIN) |
2873 |
| 245 10 - MENCIÓN DE TÍTULO |
| Título |
Teología de los derechos humanos / |
| Mención de responsabilidad, etc. |
Ángel Salvador Sánchez ; prólogo Altagracia Suriel. |
| 260 ## - PUBLICACIÓN, DISTRIBUCIÓN, ETC. |
| Lugar de publicación, distribución, etc. |
Santo Domingo : |
| Nombre del editor, distribuidor, etc. |
Visión Mundial, |
| Fecha de publicación, distribución, etc. |
2005. |
| 300 ## - DESCRIPCIÓN FÍSICA |
| Extensión |
171 p. ; |
| Dimensiones |
21 cm. |
| 500 ## - NOTA GENERAL |
| Nota general |
Incluye biografía del autor en la contracubierta. |
| 504 ## - NOTA DE BIBLIOGRAFÍA, ETC. |
| Nota de bibliografía, etc. |
Bibliografía : p. 171 |
| 505 0# - NOTA DE CONTENIDO CON FORMATO |
| Información miscelánea |
Introducción -- |
| -- |
Objetivos -- |
| -- |
Prólogo -- |
| Título |
El Dios de los derechos y la justicia -- |
| -- |
Los derechos naturales origen y funcionamiento -- |
| -- |
Derechos humanos y evolución histórica -- |
| -- |
Jesús, el justo defensor de los derechos humanos -- |
| -- |
El espíritu Santo por el ser humano -- |
| -- |
El ser humano, ¿quién y qué es? -- |
| -- |
Declaración universal y fundamento cristiano de los derechos humanos -- |
| -- |
Los derechos individuales y sociales -- |
| -- |
Los derechos del ser humano policía y militar -- |
| -- |
La iglesia y profetas de Dios: pioneros en promoción de justicia digna -- |
| -- |
Guía y perfil del defensor de los derechos humanos -- |
| Información miscelánea |
Bibliografía. |
| 590 ## - NOTA LOCAL (RLIN) |
| Nota local |
Inventariado, 2018 |
| 650 #4 - PUNTO DE ACCESO ADICIONAL DE MATERIA--TÉRMINO DE MATERIA |
| Término de materia o nombre geográfico como elemento de entrada |
Teología y filosofía |
| 9 (RLIN) |
2874 |
| 650 #0 - PUNTO DE ACCESO ADICIONAL DE MATERIA--TÉRMINO DE MATERIA |
| Término de materia o nombre geográfico como elemento de entrada |
Derechos humanos |
| 9 (RLIN) |
658 |
| 650 #4 - PUNTO DE ACCESO ADICIONAL DE MATERIA--TÉRMINO DE MATERIA |
| Término de materia o nombre geográfico como elemento de entrada |
Derecho y evangelio |
| 9 (RLIN) |
2875 |
| 650 #4 - PUNTO DE ACCESO ADICIONAL DE MATERIA--TÉRMINO DE MATERIA |
| Término de materia o nombre geográfico como elemento de entrada |
Derecho (teología) |
| 9 (RLIN) |
2876 |
| 700 1# - PUNTO DE ACCESO ADICIONAL--NOMBRE DE PERSONA |
| Nombre de persona |
Suriel, Altagracia, |
| Término indicativo de función/relación |
pról. |
| 9 (RLIN) |
2877 |
| 910 ## - DATOS DE OPCIÓN DEL USUARIO (OCLC) |
| Datos de opción del usuario |
Validado. Control de calidad. EMS |